| 000 | 00478nam a22001577a 4500 | ||
|---|---|---|---|
| 999 |
_c124727 _d124727 |
||
| 008 | 160427b xxu||||| |||| 00| 0 eng d | ||
| 050 | _aBF637.C6F995 | ||
| 100 |
_aFuster, J.M. _915326 |
||
| 245 |
_aPersonal counselling _b: an integration of Carkhuff's models _c/ J.M. Fuster |
||
| 250 | _a2nd ed. | ||
| 260 |
_aBombay _bSt Paul _c1984 |
||
| 300 |
_a331p.; _c19cm. |
||
| 650 |
_aCounselling _924370 |
||
| 650 |
_aCounseling in higher education _949758 |
||
| 942 |
_2lcc _cMONOGRAPH |
||